[Event "CZE-ch U16 2020"]
[Site "Kouty nad Desnou"]
[Date "2020.03.09"]
[Round "4.5"]
[White "Jun, Rudolf Jr."]
[Black "Nezval, Filip"]
[Result "1/2-1/2"]
[WhiteElo "2104"]
[BlackElo "1940"]
[Annotator "ChessBase"]
[PlyCount "119"]
[EventDate "2020.03.07"]
[EventCountry "CZE"]
[SourceTitle "playchess.com"]
[Source "ChessBase"]
[SourceQuality "1"]
[TimeControl "5400+30"]

1. e4 {[%emt 0:00:00]} e5 {[%emt 0:00:04]} 2. Nf3 {[%emt 0:00:00]} Nc6 {[%emt 0:00:22]} 3. Nc3 {[%emt 0:00:34]} Nf6 {[%emt 0:00:10]} 4. d4 {[%emt 0:00:18]} exd4 {[%emt 0:00:45]} 5. Nd5 {[%emt 0:00:27]} d6 {[%emt 0:11:12]} 6. Nxd4 {[%emt 0:01:14]} Be6 {[%emt 0:09:06]} 7. Bb5 {[%emt 0:05:21]} Bd7 {[%emt 0:02:34]} 8. O-O {[%emt 0:01:57]} Be7 {[%emt 0:04:00]} 9. Bxc6 {[%emt 0:01:56]} bxc6 {[%emt 0:00:38]} 10. Nb4 {[%emt 0:02:27]} c5 {[%emt 0:01:32]} 11. Nbc6 {[%emt 0:00:41]} Bxc6 {[%emt 0:00:39]} 12. Nxc6 {[%emt 0:00:12]} Qd7 {[%emt 0:00:25]} 13. Nxe7 {[%emt 0:00:11]} Qxe7 {[%emt 0:00:16]} 14. Re1 {[%emt 0:02:25]} O-O {[%emt 0:01:16]} 15. f3 {[%emt 0:08:38]} Rab8 {[%emt 0:03:29]} 16. Rb1 {[%emt 0:02:40]} Qe6 {[%emt 0:01:07]} 17. b3 {[%emt 0:00:58]} a5 {[%emt 0:03:16]} 18. Bb2 {[%emt 0:02:24]} Nd7 {[%emt 0:02:14]} 19. f4 {[%emt 0:04:30]} f5 {[%emt 0:09:39]} 20. exf5 {[%emt 0:01:04]} Qxf5 {[%emt 0:00:28]} 21. Re7 {[%emt 0:00:51]} Rf7 {[%emt 0:05:07]} 22. Rxf7 {[%emt 0:01:14]} Qxf7 {[%emt 0:00:22]} 23. Qf3 {[%emt 0:08:52]} a4 {[%emt 0:05:01]} 24. c4 {[%emt 0:01:16]} Nb6 {[%emt 0:03:11]} 25. Re1 {[%emt 0:01:29]} axb3 {[%emt 0:00:38]} 26. axb3 {[%emt 0:00:08]} Re8 {[%emt 0:02:20]} 27. Rxe8+ {[%emt 0:02:09]} Qxe8 {[%emt 0:01:49]} 28. h3 {[%emt 0:00:51]} c6 {[%emt 0:04:03]} 29. f5 {[%emt 0:02:09]} d5 {[%emt 0:09:57]} 30. f6 {[%emt 0:05:50]} g6 {[%emt 0:00:25]} 31. Qf4 {[%emt 0:04:02]} Nd7 {[%emt 0:03:57]} 32. b4 {[%emt 0:07:16]} d4 {[%emt 0:03:19]} 33. bxc5 {[%emt 0:02:17]} Qe1+ {[%emt 0:00:19]} 34. Kh2 {[%emt 0:02:24]} Qe5 {[%emt 0:01:04]} 35. Qxe5 {[%emt 0:00:27]} Nxe5 {[%emt 0:00:02]} 36. Bxd4 {[%emt 0:00:10]} Nd7 {[%emt 0:05:38]} 37. g4 {[%emt 0:01:51]} g5 {[%emt 0:01:35]} 38. Kg3 {[%emt 0:02:24]} Kf7 {[%emt 0:00:13]} 39. Kf3 {[%emt 0:00:34]} Nxf6 {[%emt 0:00:19]} 40. Ke3 {[%emt 0:00:19]} Ne8 {[%emt 0:05:41]} 41. Be5 {[%emt 0:00:40]} Ke6 {[%emt 0:00:48]} 42. Bh8 {[%emt 0:01:05]} Nc7 {[%emt 0:00:00]} 43. Ke4 {[%emt 0:00:00]} Na6 {[%emt 0:00:00]} 44. Bd4 {[%emt 0:00:00]} Nc7 {[%emt 0:00:00]} 45. Bc3 {[%emt 0:00:00]} Ne8 {[%emt 0:00:00]} 46. Be5 {[%emt 0:00:00]} Nf6+ {[%emt 0:00:00]} 47. Kd4 {[%emt 0:00:00]} Ne8 {[%emt 0:00:00]} 48. Bg3 {[%emt 0:00:00]} Nf6 {[%emt 0:00:00]} 49. Be1 {[%emt 0:00:00]} h5 {[%emt 0:00:00]} 50. Bd2 {[%emt 0:00:00]} hxg4 {[%emt 0:00:00]} 51. hxg4 {[%emt 0:00:00]} Nxg4 {[%emt 0:00:00]} 52. Bxg5 {[%emt 0:00:00]} Nf6 {[%emt 0:00:00]} 53. Bf4 {[%emt 0:00:00]} Kf5 {[%emt 0:00:00]} 54. Bd6 {[%emt 0:00:00]} Ke6 {[%emt 0:00:00]} 55. Kd3 {[%emt 0:00:00]} Kf5 {[%emt 0:00:00]} 56. Kc3 {[%emt 0:00:00]} Ke4 {[%emt 0:00:00]} 57. Bf8 {[%emt 0:00:00]} Nd7 {[%emt 0:00:00]} 58. Be7 {[%emt 0:00:00]} Ne5 {[%emt 0:00:00]} 59. Bd6 {[%emt 0:00:00]} Nd7 {[%emt 0:00:00]} 60. Be7 1/2-1/2

[Event "CZE-ch U16 2020"]
[Site "Kouty nad Desnou"]
[Date "2020.03.09"]
[Round "4.6"]
[White "Neumann, Filip"]
[Black "Vecera, Dominik"]
[Result "1/2-1/2"]
[WhiteElo "2084"]
[BlackElo "1814"]
[Annotator "ChessBase"]
[PlyCount "61"]
[EventDate "2020.03.07"]
[EventCountry "CZE"]
[SourceTitle "playchess.com"]
[Source "ChessBase"]
[SourceQuality "1"]
[TimeControl "5400+30"]

1. e4 {[%emt 0:00:00]} c5 {[%emt 0:00:00]} 2. Nf3 {[%emt 0:00:00]} g6 {[%emt 0:00:00]} 3. h4 {[%emt 0:00:00]} h5 {[%emt 0:11:57]} 4. Bc4 {[%emt 0:00:10]} Nc6 {[%emt 0:03:55]} 5. d4 {[%emt 0:00:08]} cxd4 {[%emt 0:01:44]} 6. c3 {[%emt 0:00:01]} e6 {[%emt 0:03:35]} 7. cxd4 {[%emt 0:00:19]} d5 {[%emt 0:01:17]} 8. exd5 {[%emt 0:00:11]} exd5 {[%emt 0:00:01]} 9. Qe2+ {[%emt 0:00:19]} Nge7 {[%emt 0:05:21]} 10. Bb5 {[%emt 0:00:04]} Bg7 {[%emt 0:02:44]} 11. Bg5 {[%emt 0:00:50]} f6 {[%emt 0:16:59]} 12. Be3 {[%emt 0:02:15]} Kf7 {[%emt 0:02:02]} 13. Nc3 {[%emt 0:00:40]} Re8 {[%emt 0:02:46]} 14. O-O {[%emt 0:00:51]} a6 {[%emt 0:02:58]} 15. Bd3 {[%emt 0:00:09]} Bf5 {[%emt 0:00:58]} 16. Rac1 {[%emt 0:03:53]} Nb4 {[%emt 0:05:51]} 17. Bxf5 {[%emt 0:00:51]} Nxf5 {[%emt 0:00:12]} 18. a3 {[%emt 0:00:09]} Nc6 {[%emt 0:00:29]} 19. Qd3 {[%emt 0:01:20]} Nxe3 {[%emt 0:05:02]} 20. fxe3 {[%emt 0:00:15]} Bh6 {[%emt 0:01:18]} 21. Rce1 {[%emt 0:02:15]} f5 {[%emt 0:04:54]} 22. g3 {[%emt 0:11:09]} Qd6 {[%emt 0:10:34]} 23. Kg2 {[%emt 0:00:38]} Kg7 {[%emt 0:01:36]} 24. Nd2 {[%emt 0:01:11]} Re7 {[%emt 0:02:43]} 25. b4 {[%emt 0:03:09]} Rae8 {[%emt 0:00:59]} 26. Nd1 {[%emt 0:00:06]} b5 {[%emt 0:03:54]} 27. Nb3 {[%emt 0:00:27]} Na7 {[%emt 0:00:57]} 28. Nc5 {[%emt 0:06:01]} Nc8 {[%emt 0:00:48]} 29. Rf3 {[%emt 0:00:40]} Nb6 {[%emt 0:02:16]} 30. Re2 {[%emt 0:02:51]} Nc4 {[%emt 0:00:28]} 31. Qc3 {[%emt 0:00:13]} 1/2-1/2

[Event "CZE-ch U16 2020"]
[Site "Kouty nad Desnou"]
[Date "2020.03.09"]
[Round "4.7"]
[White "Volak, Simon"]
[Black "Ret, Adam Josef"]
[Result "1/2-1/2"]
[WhiteElo "1937"]
[BlackElo "1999"]
[Annotator "ChessBase"]
[PlyCount "85"]
[EventDate "2020.03.07"]
[EventCountry "CZE"]
[SourceTitle "playchess.com"]
[Source "ChessBase"]
[SourceQuality "1"]
[TimeControl "5400+30"]

1. b3 {[%emt 0:00:00]} d5 {[%emt 0:02:51]} 2. Bb2 {[%emt 0:00:00]} c5 {[%emt 0:00:39]} 3. e3 {[%emt 0:00:26]} Bf5 {[%emt 0:01:20]} 4. Nf3 {[%emt 0:00:28]} e6 {[%emt 0:00:45]} 5. Bb5+ {[%emt 0:02:47]} Nd7 {[%emt 0:00:28]} 6. O-O {[%emt 0:04:03]} a6 {[%emt 0:01:37]} 7. Bxd7+ {[%emt 0:01:55]} Qxd7 {[%emt 0:00:08]} 8. d3 {[%emt 0:00:23]} Nf6 {[%emt 0:00:52]} 9. Nbd2 {[%emt 0:00:54]} Be7 {[%emt 0:00:24]} 10. Qe2 {[%emt 0:02:55]} O-O {[%emt 0:01:17]} 11. Ne5 {[%emt 0:04:29]} Qc7 {[%emt 0:02:03]} 12. e4 {[%emt 0:02:50]} Bg6 {[%emt 0:04:06]} 13. Nxg6 {[%emt 0:03:28]} hxg6 {[%emt 0:00:08]} 14. Nf3 {[%emt 0:03:25]} dxe4 {[%emt 0:04:14]} 15. dxe4 {[%emt 0:00:36]} Qc6 {[%emt 0:00:09]} 16. Rfe1 {[%emt 0:09:34]} Rfd8 {[%emt 0:04:22]} 17. c4 {[%emt 0:03:55]} Qc7 {[%emt 0:03:56]} 18. Be5 {[%emt 0:07:04]} Qb6 {[%emt 0:05:37]} 19. Bc3 {[%emt 0:03:36]} Qc7 {[%emt 0:03:45]} 20. e5 {[%emt 0:12:36]} Ng4 {[%emt 0:05:11]} 21. Rad1 {[%emt 0:01:08]} Nh6 {[%emt 0:01:39]} 22. Rxd8+ {[%emt 0:03:48]} Rxd8 {[%emt 0:00:08]} 23. Rd1 {[%emt 0:00:11]} Nf5 {[%emt 0:03:24]} 24. Rd3 {[%emt 0:02:41]} Rxd3 {[%emt 0:02:07]} 25. Qxd3 {[%emt 0:00:07]} Qd8 {[%emt 0:00:14]} 26. Qxd8+ {[%emt 0:01:01]} Bxd8 {[%emt 0:00:06]} 27. Kf1 {[%emt 0:01:10]} Ne7 {[%emt 0:00:57]} 28. Ke2 {[%emt 0:00:32]} Nc6 {[%emt 0:00:25]} 29. Nd2 {[%emt 0:02:56]} Bc7 {[%emt 0:00:32]} 30. f4 {[%emt 0:01:48]} Kf8 {[%emt 0:00:21]} 31. Ne4 {[%emt 0:01:48]} b6 {[%emt 0:00:09]} 32. a3 {[%emt 0:01:32]} Ke7 {[%emt 0:03:03]} 33. Kd3 {[%emt 0:04:28]} a5 {[%emt 0:03:47]} 34. g3 {[%emt 0:01:33]} Bb8 {[%emt 0:01:35]} 35. Nf2 {[%emt 0:04:40]} g5 {[%emt 0:01:17]} 36. Ke4 {[%emt 0:01:22]} gxf4 {[%emt 0:00:13]} 37. gxf4 {[%emt 0:01:22]} Bc7 {[%emt 0:01:49]} 38. Ng4 {[%emt 0:02:18]} Kd7 {[%emt 0:02:13]} 39. Ne3 {[%emt 0:02:05]} g6 {[%emt 0:01:15]} 40. h3 {[%emt 0:02:56]} Bd8 {[%emt 0:00:41]} 41. Ng2 {[%emt 0:03:14]} Ne7 {[%emt 0:02:19]} 42. Ne3 {[%emt 0:00:21]} Nc6 {[%emt 0:00:30]} 43. Ng2 {[%emt 0:00:00]} 1/2-1/2

[Event "CZE-ch U16 2020"]
[Site "Kouty nad Desnou"]
[Date "2020.03.09"]
[Round "4.8"]
[White "Hosnedl, Matyas"]
[Black "Vantuch, Lucian"]
[Result "1/2-1/2"]
[WhiteElo "1977"]
[BlackElo "1891"]
[Annotator "TA"]
[PlyCount "117"]
[EventDate "2020.03.07"]
[EventCountry "CZE"]
[SourceTitle "playchess.com"]
[Source "ChessBase"]
[SourceQuality "1"]

{[%evp 13,117,33,41,35,41,33,45,30,70,39,39,8,20,19,15,0,0,-6,7,0,0,0,0,0,0,0,0,0,0,-6,7,-24,-19,-21,0,0,0,0,0,0,134,127,288,249,268,198,202,181,203,159,158,164,181,172,179,189,276,279,260,268,249,245,232,227,289,117,281,276,288,267,254,146,162,119,127,73,85,39,39,39,39,39,39,25,25,25,25,25,25,25,39,39,39,39,39,0,0,0,0,0,0,0,0,0,0,0]} 1. e4 c5 2. Nf3 e6 3. d4 cxd4 4. Nxd4 a6 5. Bd3 Bc5 6. Nb3 Ba7 7. Qe2 d6 8. Be3 {B42: Sicilian: Kan Variation: 5 Bd3.} Bxe3 9. Qxe3 Nf6 10. Nc3 {White is slightly better.} Nbd7 11. O-O Qc7 12. a4 b6 13. f4 Bb7 14. Rae1 {[#]} O-O $146 ({Predecessor:} 14... Rc8 15. Qe2 Ra8 16. e5 Ng8 17. exd6 Qxd6 18. Be4 Nc5 19. Bxb7 Nxb7 20. f5 Nd8 21. Qf3 Ra7 22. Ne4 Qe7 23. Qg3 Kf8 24. fxe6 Qxe6 25. Nd6 {1-0 (25) Luberanski,J (1959)-Vantuch,L (1883) Marianske Lazne 2019}) 15. Qh3 h6 16. g4 d5 17. e5 Ne4 $1 18. Bxe4 dxe4 19. Qe3 Rac8 20. Rf2 f6 21. Nd4 Rce8 22. Nxe4 fxe5 23. fxe5 Rxf2 24. Nxf2 Qc4 25. b3 $36 {[%mdl 2048] White has some pressure.} Qd5 {[%csl Gb7][%cal Rd5g2]} 26. Qe4 Rf8 (26... Qa5 $1 $11 27. Qe3 Qd5) 27. Qxd5 $16 exd5 $2 (27... Bxd5 $16 {might work better.} 28. c4 Bb7) 28. Nd3 Re8 29. Kf2 Nc5 30. Kg3 Ne4+ 31. Kg2 a5 32. h3 Ba6 33. e6 g5 34. Nf2 Bc8 (34... Nc5 $142 35. e7 Bc8) 35. Nxe4 $18 dxe4 {[%mdl 4096] Endgame KRB-KRN} 36. Kf2 Bxe6 37. Rxe4 Rf8+ {[#]} 38. Ke3 $1 Bd5 {[#]} 39. Re7 (39. Re5 $1 $18 {[%cal Re5d5] and the rest is easy.} Bf7 40. Nf5) 39... Bg2 $2 (39... Rf6 $16 {is a better defense.}) 40. Re6 $1 {[%csl LRb6,LRh6]} Bxh3 41. Rxh6 Bxg4 42. Rg6+ (42. Rxb6 $18 Re8+ 43. Kd2) 42... Kf7 $16 43. Rxg5 Bd7 44. Re5 ({White should try} 44. Ke4) 44... Re8 45. Ke4 (45. Nf3 {with more complications.} Kf6 46. Kd4 Rc8 47. Re2 Rd8 48. Kc3) 45... Rxe5+ 46. Kxe5 $14 {KB-KN} Ke7 47. Kd5 {Black must now prevent Nc6+.} Be8 48. Nb5 {And now Nd6 would win.} Kd7 49. Kc4 Kc6 50. Nd4+ Kb7 51. Kd5 Bf7+ 52. Kd6 Bg6 53. c3 Bd3 54. b4 axb4 {The position is equal.} 55. cxb4 Bg6 56. Kd7 Bh5 57. Nb5 Bd1 58. Nc3 Bb3 59. Kd6 {Black defended with fortune. Accuracy: White = 73%, Black = 82%.} 1/2-1/2

[Event "CZE-ch U16 2020"]
[Site "Kouty nad Desnou"]
[Date "2020.03.09"]
[Round "4.9"]
[White "Habenicht, Martin"]
[Black "Blaha, Marek"]
[Result "1/2-1/2"]
[WhiteElo "1970"]
[BlackElo "1836"]
[Annotator "ChessBase"]
[PlyCount "63"]
[EventDate "2020.03.07"]
[EventCountry "CZE"]
[SourceTitle "playchess.com"]
[Source "ChessBase"]
[SourceQuality "1"]
[TimeControl "5400+30"]

1. Nf3 {[%emt 0:00:00]} d5 {[%emt 0:00:00]} 2. g3 {[%emt 0:00:00]} c5 {[%emt 0:00:02]} 3. Bg2 {[%emt 0:00:00]} Nc6 {[%emt 0:00:46]} 4. d4 {[%emt 0:00:03]} cxd4 {[%emt 0:02:36]} 5. Nxd4 {[%emt 0:00:03]} e5 {[%emt 0:00:07]} 6. Nxc6 {[%emt 0:00:12]} bxc6 {[%emt 0:00:05]} 7. c4 {[%emt 0:00:14]} Bb4+ {[%emt 0:00:54]} 8. Bd2 {[%emt 0:03:21]} Bxd2+ {[%emt 0:00:21]} 9. Qxd2 {[%emt 0:00:09]} Nf6 {[%emt 0:00:14]} 10. Qg5 {[%emt 0:06:42]} O-O {[%emt 0:00:59]} 11. O-O {[%emt 0:00:47]} e4 {[%emt 0:01:03]} 12. Nc3 {[%emt 0:01:09]} Bb7 {[%emt 0:01:59]} 13. Rfd1 {[%emt 0:02:10]} Qb6 {[%emt 0:00:47]} 14. Rab1 {[%emt 0:08:28]} h6 {[%emt 0:00:18]} 15. Qf4 {[%emt 0:03:33]} Rad8 {[%emt 0:06:40]} 16. b4 {[%emt 0:04:06]} dxc4 {[%emt 0:02:05]} 17. Rxd8 {[%emt 0:01:45]} Rxd8 {[%emt 0:00:01]} 18. Nxe4 {[%emt 0:01:27]} Nxe4 {[%emt 0:01:25]} 19. Qxe4 {[%emt 0:00:43]} Qd4 {[%emt 0:07:19]} 20. Qxd4 {[%emt 0:10:28]} Rxd4 {[%emt 0:00:01]} 21. Rc1 {[%emt 0:02:36]} Rd2 {[%emt 0:09:02]} 22. Rxc4 {[%emt 0:13:39]} Rxe2 {[%emt 0:01:52]} 23. Rc1 {[%emt 0:03:44]} Rb2 {[%emt 0:06:15]} 24. a3 {[%emt 0:03:18]} Rb3 {[%emt 0:00:05]} 25. Rd1 {[%emt 0:02:40]} Kf8 {[%emt 0:00:54]} 26. Be4 {[%emt 0:10:00]} Ke7 {[%emt 0:00:32]} 27. Rd3 {[%emt 0:03:11]} Rxd3 {[%emt 0:00:23]} 28. Bxd3 {[%emt 0:00:01]} Kd6 {[%emt 0:00:19]} 29. Bc4 {[%emt 0:00:01]} f6 {[%emt 0:00:07]} 30. f4 {[%emt 0:00:18]} c5 {[%emt 0:00:36]} 31. Kf2 {[%emt 0:00:36]} cxb4 32. axb4 1/2-1/2

[Event "CZE-ch U16 2020"]
[Site "Kouty nad Desnou"]
[Date "2020.03.09"]
[Round "4.10"]
[White "Krizek, Krystof"]
[Black "Janouch, Jachym Stepan"]
[Result "1-0"]
[WhiteElo "1947"]
[BlackElo "1888"]
[Annotator "ChessBase"]
[PlyCount "89"]
[EventDate "2020.03.07"]
[EventCountry "CZE"]
[SourceTitle "playchess.com"]
[Source "ChessBase"]
[SourceQuality "1"]
[TimeControl "5400+30"]

1. e4 {[%emt 0:00:00]} e5 {[%emt 0:00:00]} 2. Nf3 {[%emt 0:00:00]} Nc6 {[%emt 0:00:00]} 3. Bb5 {[%emt 0:00:00]} Nge7 {[%emt 0:01:50]} 4. Nc3 {[%emt 0:00:00]} g6 {[%emt 0:00:29]} 5. h4 {[%emt 0:00:00]} d6 {[%emt 0:06:47]} 6. d4 {[%emt 0:01:47]} Bd7 {[%emt 0:00:32]} 7. Bg5 {[%emt 0:02:18]} Bg7 {[%emt 0:00:34]} 8. Nd5 {[%emt 0:01:22]} h6 {[%emt 0:05:51]} 9. Bf6 {[%emt 0:01:51]} Bxf6 {[%emt 0:03:25]} 10. Nxf6+ {[%emt 0:00:04]} Kf8 {[%emt 0:00:07]} 11. Nxd7+ {[%emt 0:00:24]} Qxd7 {[%emt 0:00:10]} 12. d5 {[%emt 0:00:12]} Qg4 {[%emt 0:00:53]} 13. dxc6 {[%emt 0:00:23]} Qxe4+ {[%emt 0:01:03]} 14. Qe2 {[%emt 0:00:48]} Qxe2+ {[%emt 0:01:41]} 15. Bxe2 {[%emt 0:01:02]} Nxc6 {[%emt 0:01:23]} 16. O-O-O {[%emt 0:01:09]} Kg7 {[%emt 0:00:39]} 17. c3 {[%emt 0:01:49]} f5 {[%emt 0:03:09]} 18. Nd2 {[%emt 0:01:43]} d5 {[%emt 0:04:06]} 19. Nb3 {[%emt 0:00:23]} Ne7 {[%emt 0:01:45]} 20. Nc5 {[%emt 0:01:13]} b6 {[%emt 0:01:04]} 21. Ne6+ {[%emt 0:00:24]} Kf6 {[%emt 0:00:11]} 22. Nxc7 {[%emt 0:00:02]} Rad8 {[%emt 0:00:11]} 23. Kb1 {[%emt 0:00:35]} Rd7 {[%emt 0:00:30]} 24. Nb5 {[%emt 0:00:23]} Nc6 {[%emt 0:00:42]} 25. Rd2 {[%emt 0:00:42]} Rhd8 {[%emt 0:00:23]} 26. Rhd1 {[%emt 0:00:15]} a6 {[%emt 0:00:36]} 27. Na3 {[%emt 0:00:05]} b5 {[%emt 0:00:09]} 28. Nc2 {[%emt 0:00:41]} g5 {[%emt 0:00:34]} 29. hxg5+ {[%emt 0:01:35]} hxg5 {[%emt 0:00:07]} 30. Bf3 {[%emt 0:01:25]} Ne7 {[%emt 0:00:22]} 31. Nb4 {[%emt 0:00:47]} e4 {[%emt 0:00:15]} 32. Be2 {[%emt 0:00:08]} a5 {[%emt 0:01:10]} 33. Nc2 {[%emt 0:01:46]} b4 {[%emt 0:00:04]} 34. c4 {[%emt 0:01:14]} Ke5 {[%emt 0:00:12]} 35. cxd5 {[%emt 0:01:34]} Nxd5 {[%emt 0:00:08]} 36. Kc1 {[%emt 0:00:59]} f4 {[%emt 0:01:33]} 37. Bc4 {[%emt 0:00:42]} g4 {[%emt 0:00:18]} 38. Rxd5+ {[%emt 0:00:24]} Rxd5 {[%emt 0:00:06]} 39. Rxd5+ {[%emt 0:00:01]} Rxd5 {[%emt 0:00:07]} 40. Bxd5 {[%emt 0:00:05]} Kxd5 {[%emt 0:00:08]} 41. Kd2 {[%emt 0:00:22]} Kc4 {[%emt 0:00:27]} 42. b3+ {[%emt 0:00:18]} Kd5 {[%emt 0:00:07]} 43. g3 {[%emt 0:00:30]} Ke5 {[%emt 0:00:06]} 44. Ke2 {[%emt 0:00:37]} e3 {[%emt 0:00:46]} 45. gxf4+ {[%emt 0:00:40]} 1-0

[Event "CZE-ch U16 2020"]
[Site "Kouty nad Desnou"]
[Date "2020.03.09"]
[Round "4.11"]
[White "Rokos, Filip"]
[Black "Jares, Michal"]
[Result "0-1"]
[WhiteElo "2127"]
[BlackElo "1907"]
[Annotator "TA"]
[PlyCount "102"]
[EventDate "2020.03.07"]
[EventCountry "CZE"]
[SourceTitle "playchess.com"]
[Source "ChessBase"]
[SourceQuality "1"]

{[%evp 26,102,37,32,42,42,55,-9,-18,-23,-18,-24,-31,-25,10,12,39,27,58,0,0,0,0,0,0,-64,-68,-58,0,0,0,-108,-91,-152,-59,-146,-91,-79,-17,-52,26,-5,-66,-72,0,-4,-17,-24,0,0,0,-40,15,15,220,0,59,25,22,0,0,0,339,-149,160,-2046,-8,-812,-785,-29992,-29993,-29993,-29994,-29994,-29995,-29995,-29996,-29997,-29998]} 1. e4 c5 2. Nf3 Nc6 3. d4 cxd4 4. Nxd4 e5 5. Nb5 d6 6. N1c3 a6 7. Na3 b5 8. Nd5 Nf6 9. Bg5 Be7 10. Bxf6 Bxf6 11. c3 Bg5 12. Nc2 O-O 13. a4 bxa4 14. Rxa4 g6 {B33: Sicilian: Pelikan and Sveshnikov Variations.} 15. Bc4 Kh8 {[#]} 16. h4 $146 (16. g3 $14) ({Predecessor:} 16. Ncb4 Nxb4 17. Nxb4 a5 18. Nd5 Bd7 19. Ra2 f5 20. exf5 gxf5 21. O-O Bh6 22. Qe2 {0-1 (51) Nazhmeddinov,S (2190)-Anarkulov,A (2207) Tashkent 2010}) 16... Bxh4 $11 {The position is equal.} 17. g3 Bg5 18. f4 exf4 19. gxf4 Bh4+ (19... Bf6 $5) 20. Kd2 f5 21. Kc1 fxe4 22. Nd4 (22. Bf1 $14) 22... Nxd4 23. Qxd4+ {[%mdl 64] Double Attack} Bf6 $1 {[%cal Rf6d4]} 24. Qg1 {Black should prevent Qxg6.} Bf5 25. Qh2 (25. Nxf6 Qxf6 26. Bd5 Rae8 $17) (25. Rb4 $11 h5 26. Rb7) 25... h5 $15 26. Ne3 Qd7 (26... Bd7 $15 27. Rg1 Be8) 27. Ra5 $1 $11 h4 28. Nd5 (28. Nxf5 $11 gxf5 29. Qe2) 28... Bd8 $17 29. Qf2 (29. Qd2 $142) 29... Ra7 (29... h3 $1 $17 30. Ra3 g5) 30. b3 (30. Ne3 $1 $15) 30... h3 ({And not} 30... Bxa5 31. Qd4+ Rf6 32. Qxf6+ Qg7 33. Rxh4+ Kg8 34. Ne7#) ({Black should play} 30... Be6 {White must now prevent ...Qg7.} 31. Qd4+ Qg7 32. Qxe4 Bxd5 33. Rxd5 Qxc3+ 34. Kd1 Rg7) 31. Ra1 Qh7 (31... a5 $17 32. Kb2 Rb7) 32. Kb2 $11 a5 (32... Rg7 $15) 33. Qd4+ Qg7 (33... Rg7 $11) 34. Qe3 $15 {White wants to play Bf1.} a4 (34... g5 $1 $17 {[%cal Rg5g4]} 35. Rxh3+ Bxh3 36. Qxh3+ Qh7) 35. Rxh3+ $11 Bxh3 36. Rh1 a3+ 37. Ka2 Rf5 38. Be2 Kg8 ({Better is} 38... Rxd5 $15 39. Rxh3+ Rh5 $1 {[%mdl 512]} 40. Bxh5 gxh5 41. Rxh5+ Kg8 42. Qxe4 Kf8) 39. Rxh3 Raf7 $2 (39... Rxd5 $2 40. Bc4 $16) (39... Kf8 $11 {and Black has nothing to worry.} 40. Qxe4 Ra5) 40. Bc4 $2 ({White has to play} 40. Qxe4 $18 {Threatens to win with Bg4.} Kf8 41. Qe6 Rxd5 42. Qxd5) 40... Kf8 (40... Rh5 $11) 41. Qxe4 (41. Rh2 $5 {[%cal Re3e4]}) 41... Rh5 42. Re3 {[%csl Ge3][%cal Re4e8]} Rh2+ 43. Ka1 {[%csl Ge3][%cal Re4e8]} Qh6 $2 {[%mdl 8192] [#]} (43... Qh7 $11) 44. Qe8+ (44. Nf6 $1 $18 {[%mdl 512] and the rest is easy. White threatens Qe8+! and mate.} Rh1+ (44... Bxf6 45. Qe8+) 45. Ka2 $1 {[%mdl 512]} Rh2+ 46. Kxa3 Ra7+ 47. Kb4) 44... Kg7 $16 {Hoping for ...Rh1+.} 45. Qxd8 $2 (45. Nc7 $16 Rh1+ 46. Ka2 Qh2+ 47. Re2 Rxc7 48. Qxd8 (48. Rxh2 Rxh2+ 49. Kxa3 Ra7+ 50. Kb4 Rb7+ 51. Bb5 Be7 $11) 48... Rxc4 49. Rxh2 Rxh2+ 50. Kxa3 Rxf4 51. Qxd6) 45... Qh5 $2 $40 {[%mdl 128] Black attacks.} (45... Rc2 $19 {( -> ...Qh1+)} 46. Qe7 Qh1+ 47. Re1 Rc1+ {[%mdl 64] Double Attack} 48. Ka2 Rxe1 49. Qxf7+ Kxf7 50. Kxa3 Kf8) 46. Re1 $2 {[%mdl 8192] [#]} (46. Qg8+ $11 Kxg8 47. Nf6+ Kf8 48. Re8+ Kg7 49. Nxh5+ gxh5 50. Bxf7 Kxf7 51. Rd8) 46... Rh1 $1 $19 {[%cal Rh1e1]} 47. Nf6 Rxe1+ {Black mates.} 48. Ka2 Qh2+ {[%mdl 64] Double Attack} 49. Kxa3 Ra1+ 50. Kb4 Rb7+ 51. Bb5 Qxf4+ {[%mdl 64] Double Attack. Accuracy: White = 39%, Black = 51%.} 0-1

[Event "CZE-ch U16 2020"]
[Site "Kouty nad Desnou"]
[Date "2020.03.09"]
[Round "4.12"]
[White "Kolar, Jan"]
[Black "Jirousek, Jan"]
[Result "1-0"]
[WhiteElo "1760"]
[BlackElo "1887"]
[Annotator "NA"]
[PlyCount "69"]
[EventDate "2020.03.07"]
[EventCountry "CZE"]
[SourceTitle "playchess.com"]
[Source "ChessBase"]
[SourceQuality "1"]
[TimeControl "5400+30"]

1. e4 {[%emt 0:00:00]} c6 {[%emt 0:00:05]} 2. d4 {[%emt 0:00:00]} d5 {[%emt 0:00:02]} 3. Nc3 {[%emt 0:00:00]} dxe4 {[%emt 0:00:02]} 4. Nxe4 {[%emt 0:00:00]} Nf6 {[%emt 0:00:13]} 5. Nxf6+ {[%emt 0:00:30]} exf6 {[%emt 0:00:11]} 6. c3 {[%emt 0:00:41]} Bd6 {[%emt 0:00:05]} 7. Bd3 {[%emt 0:00:12]} O-O {[%emt 0:00:17]} 8. Ne2 {[%emt 0:00:23]} Re8 {[%emt 0:01:18]} 9. Qc2 {[%emt 0:00:24] B15: Caro-Kann: 3 Nc3: 3...g6 and 3...dxe4 4 Nxe4 Nf6 5 Nxf6+ exf6.} h5 {[%emt 0:04:01] 9...h5 scores better than 9...h6.} 10. Be3 {[%emt 0:01:51]} Be6 {[%emt 0:03:09]} 11. O-O-O {[%emt 0:03:09]} Qa5 {[%emt 0:01:48] [#]} 12. b3 $146 {[%emt 0:06:19]} ({Predecessor:} 12. a3 Nd7 13. Kb1 b5 14. Nf4 Bxf4 15. Bxf4 Bd5 16. Rhg1 Nf8 17. g4 hxg4 18. Rxg4 {0-1 (65) Gutenev,A (2456)-Tomashevsky,E (2705) Sochi 2018}) 12... Nd7 {[%emt 0:05:02]} 13. Ng3 {[%emt 0:06:03]} c5 {[%emt 0:15:14]} 14. Nf5 {[%emt 0:03:37]} Bf8 {[%emt 0:07:33]} 15. h3 {[%emt 0:09:37]} cxd4 {[%emt 0:10:24]} 16. Nxd4 {[%emt 0:03:50]} Rac8 {[%emt 0:03:27]} 17. Bd2 {[%emt 0:02:02]} Ne5 {[%emt 0:10:18]} 18. Bh7+ {[%emt 0:08:02]} Kh8 {[%emt 0:00:12]} 19. Nxe6 {[%emt 0:00:10]} fxe6 {[%emt 0:02:16]} 20. f4 {[%emt 0:02:26]} Nc6 {[%emt 0:04:41]} 21. Kb1 {[%emt 0:02:11]} Ne7 {[%emt 0:16:48]} 22. Be4 {[%emt 0:03:45]} Qc7 {[%emt 0:03:54]} 23. Rhe1 {[%emt 0:02:36]} b5 {[%emt 0:07:08]} 24. Bf3 {[%emt 0:02:57]} g6 {[%emt 0:02:06]} 25. Rxe6 {[%emt 0:03:46]} Bg7 $18 {[%emt 0:00:39]} 26. f5 {[%emt 0:01:16]} Nxf5 {[%emt 0:00:57]} 27. Rxe8+ {[%emt 0:00:16]} Rxe8 {[%emt 0:00:07]} 28. Bxh5 {[%emt 0:00:55]} gxh5 {[%emt 0:00:42]} 29. Qxf5 {[%emt 0:00:18]} Re5 {[%emt 0:01:07]} 30. Qf3 {[%emt 0:00:56]} Qc8 {[%emt 0:00:39]} 31. g4 {[%emt 0:03:10]} hxg4 {[%emt 0:00:29]} 32. hxg4 {[%emt 0:00:21]} f5 {[%emt 0:00:29]} 33. Bg5 {[%emt 0:01:37]} Re8 {[%emt 0:00:30]} 34. gxf5 {[%emt 0:01:49]} Qxc3 {[%emt 0:00:32]} 35. Qh5+ {[%emt 0:00:09]} 1-0